Riconosci il Pokémon - Quiz n°99 - Statistics

Statistiche generali
  • Questo quiz è stato fatto 4 volte
  • Il punteggio medio è 9 su 10
Statistiche sulle risposte
Indizio Risposta % Corretto
Altezza 0,4 m
100%
Sesso 50% ♂, 50% ♀
100%
Tipo Acqua
100%
Stadio evoluzione Forma Base
100%
Abilità Nuotovelox; Cecchino; Umidità
100%
Generazione Prima
100%
Tasso di cattura 225 (39.9%)
75%
Peso 8,0 kg
75%
Tasso di allevamento Medio-Veloce
75%
Pokémon Horsea
50%
Nessun quiz corrispondente trovato
Distribuzione punteggi
Percentuale di utenti per punteggio
Percentile per numero di risposta
I tuoi punteggi nel tempo
Non hai fatto questo quiz